00957nam a2200265 a 450000100100000000500170001000800410002704000250006808200210009310000240011424500830013825000110022126000570023230000210028949000200031059000750033065000170040565000220042270000370044483000280048191000370050904900090054695201190055599900170067400003484220250520113530.0111020s1957 mx 000 0 spa d aDO-SdBNPbspacBNPHU a171bF932e, 19571 aFromm, Erich95142910aÉtica y psicoanálisis /cErich Fromm ; traducción de Heriberto F. Morck. a2a ed. aBuenos Aires :bFondo de Cultura Económica,c1957. a249 p. ;c17 cm.1 aBreviarios;v74 aPerteneció a la biblioteca personal de Juan Isidro Jimenes Grullón 0aÉtica9509 0aPsicología915212aMorck, Heriberto F.,etr.960370 0aBreviarios ;v74916416 aValidado. Control de calidad MFF aBNGR 001050718MOaGRbGRcHDd2011-10-20iLF1l0o171 F932e, 1957p34842-10r2020-06-25w2020-06-25y1ZNo se presta c34333d34333